000 00620nam a2200241Ia 4500
003 OSt
005 20230620115546.0
008 210423s2004 xx 000 0 und d
020 _a978-0-521-31391-0
040 _cAL
041 _aeng
082 _a530.41
_223
_bBLAS
100 _aBLAKEMORE (J S)
_9106172
245 _aSolid state physics Ed 2
250 _a2
260 _aNew York
_bCambridge University Press
_c2004
300 _ax,506
_bPB
365 _b5028.99
_cINR
650 _aPhysics
_9106173
650 _aSolid State Physics
_9106174
906 _aEd ; physics ; Solid ; state
942 _2ddc
_cBK
999 _c166575
_d166575